Baloncesto: técnica de entrenamiento y dirección de equipo
Uloženo v:
| Hlavní autoři: | , , |
|---|---|
| Médium: | Kniha |
| Jazyk: | španělština |
| Vydáno: |
Madrid
Augusto Pila Teleña
1980
|
| Vydání: | 2a. ed |
| Témata: | |
| Tagy: |
Přidat tag
Žádné tagy, Buďte první, kdo vytvoří štítek k tomuto záznamu!
|
MARC
| LEADER | 00000nam a2200000 a 4500 | ||
|---|---|---|---|
| 001 | UCU0931 | ||
| 003 | CL-VaPUC | ||
| 008 | 960329e19800000SP |||||||||||||||||spa|d | ||
| 082 | 0 | 4 | |a 796.323 |b GOM |2 21 |
| 100 | 0 | |a Gómez Sánchez, Julián |e author |9 356435 | |
| 700 | 0 | |a Moll Sotomayor, Jesús Antonio |e author |9 356436 | |
| 700 | 0 | |a Pila Teleña, Augusto |e author |9 356437 | |
| 245 | 1 | 0 | |a Baloncesto: técnica de entrenamiento y dirección de equipo |
| 250 | |a 2a. ed | ||
| 300 | |a 221 p | ||
| 942 | |c BK | ||
| 945 | |d 19960329 00:00:00 |a cmena | ||
| 260 | |a Madrid |b Augusto Pila Teleña |c 1980 | ||
| 650 | 7 | |a BASQUETBOL |2 CL-VaPUC |9 356438 | |
| 650 | 7 | |a JUEGOS DE PELOTA |2 CL-VaPUC |9 340284 | |
| 650 | 7 | |a DEPORTE |2 CL-VaPUC |9 356439 | |
| 583 | |a last modification |c 19960329 00:00:00 |k Rodrigo Vera | ||
| 999 | |c 245707 |d 245705 | ||
| 952 | |0 0 |1 0 |4 0 |6 796_323000000000000_GOM_1980 |7 0 |8 P |9 260296 |a BIBEDU |b BIBEDU |c BIBEDU_PB |d 2019-11-19 |i 1638920 |o 796.323 GOM 1980 |p 1638920 |r 2024-01-25 |w 2019-11-19 |y BK |k EDU | ||